000 00450nam a22001697a 4500
003 OSt
005 20210930092428.0
008 210930b |||||||| |||| 00| 0 eng d
020 _a0 7131 24 50 4
040 _cHawassa university
050 _a581/KER
_b1
082 _2Seconde edition
_a581/KER
_b1
100 _aKershaw kenneth a.
_98378
245 _aQuantitative and dynamic plant ecology
260 _bEdward arnold
_c1973
942 _2ddc
_cBOOKS
_n0
999 _c7820
_d7820